Catálogo público

El maestro y Margarita / (Record no. 220428)

MARC details
000 -CABECERA
campo de control de longitud fija 01649nam a2200361 a 4500
003 - IDENTIFICADOR DEL NÚMERO DE CONTROL
campo de control CHAP
005 - FECHA Y HORA DE LA ÚLTIMA TRANSACCIÓN
campo de control 20250203183425.0
007 - CAMPO FIJO DE DESCRIPCIÓN FÍSICA--INFORMACIÓN GENERAL
campo de control de longitud fija ta
008 - DATOS DE LONGITUD FIJA--INFORMACIÓN GENERAL
campo de control de longitud fija 250203s2013 mx ||||gr|||| 000 f spa d
020 ## - NÚMERO INTERNACIONAL ESTÁNDAR DEL LIBRO
Número Internacional Estándar del Libro 970-732-079-6
040 ## - FUENTE DE LA CATALOGACIÓN
Centro catalogador/agencia de origen mxchpua
Centro/agencia transcriptor CHAP
Normas de descripción rda
041 ## - CÓDIGO DE LENGUA
Código de lengua del texto/banda sonora o título independiente spa
Código de lengua del sumario o resumen spa
Código de lengua de la tabla de contenido spa
Código de lengua original rus
050 10 - SIGNATURA TOPOGRÁFICA DE LA BIBLIOTECA DEL CONGRESO
Número de clasificación PG3476.B78
Número de documento/Ítem .B85 M34 2013
082 00 - NÚMERO DE LA CLASIFICACIÓN DECIMAL DEWEY
Número de edición 20
Número de clasificación 808.839382
Número de documento/Ítem B85 M34 2013
100 1# - ENTRADA PRINCIPAL--NOMBRE DE PERSONA
Nombre de persona Bulgakov, Mijail
9 (RLIN) 190051
240 1# - TÍTULO UNIFORME
Título uniforme Master i Margarita.
Lenguaje de la obra Español
245 13 - MENCIÓN DE TÍTULO
Título El maestro y Margarita /
Mención de responsabilidad, etc. Mijaíl Bulgákov ; traductor Julio Travieso Serrano
250 ## - MENCIÓN DE EDICIÓN
Mención de edición 1a edición
264 ## - PRODUCCIÓN, PUBLICACIÓN, DISTRIBUCIÓN, FABRICACIÓN Y COPYRIGHT
Producción, publicación, distribución, fabricación y copyright México :
Nombre del de productor, editor, distribuidor, fabricante Lectorum,
Fecha de producción, publicación, distribución, fabricación o copyright 2013
300 ## - DESCRIPCIÓN FÍSICA
Extensión 412 páginas
336 ## - TIPO DE CONTENIDO
Fuente rdacontent
Término de tipo de contenido texto
Código de tipo de contenido txt
337 ## - TIPO DE MEDIO
Fuente rdamedia
Nombre/término del tipo de medio sin medio
Código del tipo de medio n
338 ## - TIPO DE SOPORTE
Fuente rdacarrier
Nombre/término del tipo de soporte volumen
Código del tipo de soporte nc
520 2# - SUMARIO, ETC.
Sumario, etc. Novela que ha suscitado el entusiasmo de millares de lectores desde su primera publicación, "El maestro y Margarita" no sólo es una sátira genial de la sociedad soviética, con su población hambrienta, sus burócratas estúpidos, sus aterrados funcionarios y sus corruptos artistas. Acompañado de una extravagante corte, el Diablo llega a Moscú e irrumpe en sus mediocres vidas desencadenando toda una serie de peripecias trepidantes y disparatadas que radiografían las debilidades de la naturaleza humana.
650 17 - PUNTO DE ACCESO ADICIONAL DE MATERIA--TÉRMINO DE MATERIA
Término de materia o nombre geográfico como elemento de entrada Novela rusa
9 (RLIN) 82027
650 10 - PUNTO DE ACCESO ADICIONAL DE MATERIA--TÉRMINO DE MATERIA
Término de materia o nombre geográfico como elemento de entrada Literatura rusa
Subdivisión cronológica Siglo XX
9 (RLIN) 190052
650 14 - PUNTO DE ACCESO ADICIONAL DE MATERIA--TÉRMINO DE MATERIA
Término de materia o nombre geográfico como elemento de entrada Valores (Psicología)
9 (RLIN) 117674
650 10 - PUNTO DE ACCESO ADICIONAL DE MATERIA--TÉRMINO DE MATERIA
Término de materia o nombre geográfico como elemento de entrada Novel
9 (RLIN) 161790
Subdivisión general Fiction
650 10 - PUNTO DE ACCESO ADICIONAL DE MATERIA--TÉRMINO DE MATERIA
Término de materia o nombre geográfico como elemento de entrada Russian literature
Subdivisión cronológica 20th century
9 (RLIN) 190053
650 10 - PUNTO DE ACCESO ADICIONAL DE MATERIA--TÉRMINO DE MATERIA
Término de materia o nombre geográfico como elemento de entrada Values (Psychology)
9 (RLIN) 187249
700 1# - PUNTO DE ACCESO ADICIONAL--NOMBRE DE PERSONA
Nombre de persona Travieso Serrano, Julio
9 (RLIN) 190054
Término indicativo de función/relación traductor
942 ## - ELEMENTOS DE PUNTO DE ACCESO ADICIONAL (KOHA)
Fuente del sistema de clasificación o colocación Dewey Decimal Classification
Tipo de ítem Koha Libro
Holdings
Estado de retiro Estado de pérdida Fuente del sistema de clasificación o colocación Estado dañado Restricciones de uso No para préstamo Código de colección Localización permanente Ubicación/localización actual Fecha de adquisición Fuente de adquisición Número de inventario Total de préstamos Signatura topográfica completa Código de barras Fecha visto por última vez Número de copia Precio válido a partir de Tipo de ítem Koha
    Dewey Decimal Classification   Préstamo 15 días   Literatura Ingenieria Agroindustrial Ingenieria Agroindustrial 19/11/2024 Compra Librería UACh F. 44961 Consumo   808.839382 B85 M34 2013 1108015241 03/02/2025 Ej. 1 03/02/2025 Libro